ULTRAKILL // Soundtrack Per Level - Statistics

General Stats
  • This quiz has been taken 175 times
  • The average score is 38 of 61
Answer Stats
Level Track % Correct
P-2 WAR
93%
P-1 ORDER
90%
7-4 War Without Reason
90%
1-4 Versus
87%
0-1 Into the Fire
86%
0-3 Into the Fire
86%
The Cyber Grind meganeko - The Cyber Grind
85%
P-1 CHAOS
84%
0-5 Cerberus
83%
0-E Cerberus
83%
4-4 Duel (Versus Reprise)
83%
7-1 The World Looks Red
80%
7-1 The World Looks White
78%
1-3 Castle Vein
77%
P-2 PANDEMONIUM
77%
6-1 Altars of Apostasy (incl. "Hall of Sacreligious Remains")
76%
1-4 Debussy: Clair de Lune
75%
0-2 Unstoppable Force
75%
0-4 Unstoppable Force
75%
P-2 Tenebre Rosso Sangue
74%
5-1 Deep Blue
73%
2-2 Requiem
70%
5-3 Death Odyssey
68%
3-1 Glory
68%
4-1 Dune Eternal
67%
6-2 The Death of God's Will (incl. "Horns of Insurrection")
67%
3-2 Divine Intervention
66%
3-1 Guts
65%
1-1 A Shattered Illusion
64%
7-1 Bull of Hell
63%
7-3 Danse Macabre
63%
The Cyber Grind Keygen Church - UltraChurch
61%
4-2 Sands of Tide
61%
1-1 A Thousand Greetings
60%
1-2 A Thousand Greetings
60%
5-2 He Is the Light in My Darkness
59%
5-3 Death Odyssey Aftermath
58%
7-2 Do Robots Dream of Eternal Sleep?
58%
2-1 Cold Winds
57%
7-3 Suffering Leaves Suffering Leaves
55%
P-1 The Spinal Staircase
53%
1-2 A Complete and Utter Destruction of the Senses
51%
6-1 Chord of the Crooked Saints
51%
7-2 Hear! The Siren Song Call of Death
51%
2-4 In the Presence of a King
51%
2-S Mirage (Sunshine)
51%
2-3 Panic Betrayer
51%
4-3 Dancer in the Darkness
50%
4-S The song that plays in the level colloquially known as 4-S
50%
7-S After Hours
49%
The Cyber Grind HEALTH - HATEFUL
49%
5-4 The Abyss and the Serpent
48%
0-E A Heart of Cold
45%
5-S Lakeside Songbook
45%
P-2 Intro (Weihnachten Am Klavier)
41%
1-E A Part Falling
40%
0-E Dead Heat Pulse (A Heart of Cold)
40%
1-S Sanctuary in the Garden of the Mind
37%
1-E An Absence
29%
3-2 Bach: BWV 639 "I call to you, Lord Jesus Christ"
29%
6-2 Fallen Angel (An Adaptation of Bach: BWV 639)
28%
No matching quizzes found
Score Distribution
Percent of People with Each Score
Percentile by Number Answered
Your Score History
You have not taken this quiz